000 00456nam a2200145Ia 4500
003 OSt
005 20260226103047.0
008 211028s2019 xx 000 0 und d
040 _cAIMIT LIBRARY
041 _aeng
100 _aSudhakar, Moolya Sharath; Suresh, Rajani.
_g1716115
_98093
245 _aStudy on store personality and consumer experience with reference to Big Bazaar Udupi /
260 _aMangalore
_bDeepika Maria M
_c2019
942 _2ddc
_cPRO
999 _c219661
_d219661